|
|
|
|
| LEADER |
00000nab a2200000 a 4500 |
| 001 |
vtls009313138 |
| 003 |
SK-MaSNL |
| 005 |
20260305044024.0 |
| 008 |
250506c2008 xo |||||||||||000 b|slo |
| 015 |
|
|
|a SNBRB2008/07
|2 snkbucl
|
| 035 |
|
|
|a (uuid)2d5e1bd5-3de8-4676-a601-cff0033b307e
|
| 035 |
|
|
|a urn:nbn:sk:snk-ab12ti
|
| 035 |
|
|
|a (urnnbn)urn:nbn:sk:snk:ar-a03v08
|
| 038 |
|
|
|a SNKBUCL
|
| 040 |
|
|
|a SNKBUCL
|b slo
|c SNKBUCL
|e AACR2
|
| 041 |
0 |
|
|a slo
|
| 044 |
|
|
|a xo
|c SK
|
| 080 |
|
|
|a 378.6:636.09
|x (436)
|x "16/17"
|2 1997
|
| 080 |
|
|
|a 636.09
|x (436)
|x "16/17"
|2 1997
|
| 080 |
|
|
|a 94(436)
|2 1997
|
| 100 |
1 |
|
|a Jantošovič, Ján,
|d 1929-
|4 aut
|9 196331
|
| 245 |
1 |
0 |
|a Začiatky zverolekárskeho školstva v rakúskej ríši
|c J. Jantošovič, M. Kozák, A. Bugarský
|
| 648 |
|
7 |
|a 17.-18. stor.
|2 snkbucl
|9 289778
|
| 650 |
0 |
7 |
|a dejiny veterinárnej medicíny
|2 snkbucl
|9 68351
|
| 650 |
0 |
7 |
|a školstvo
|2 snkbucl
|9 19712
|
| 651 |
|
7 |
|a Rakúsko
|x dejiny
|2 snkbucl
|9 66145
|
| 700 |
1 |
|
|a Kozák, Marián,
|d 1946-2016
|4 aut
|9 196330
|
| 700 |
1 |
|
|a Bugarský, Andrej,
|d 1942-
|4 aut
|9 194620
|
| 773 |
0 |
|
|t Slovenský veterinársky časopis = Slovak veterinary journal
|g Roč. XXXIII, č. 3 (2008), s. 196-197
|x 1335-0099
|
| 850 |
|
|
|a Slovenská národná knižnica
|
| 852 |
|
|
|a Slovenská národná knižnica
|
| 954 |
|
|
|a odborná, vedecká literatúra pôvodná (slovenská)
|2 lita
|
| 958 |
|
|
|a article27
|
| 958 |
|
|
|a AT
|
| 958 |
|
|
|a OND
|
| 958 |
|
|
|a EUIPO
|
| 999 |
|
|
|c 3356170
|d 3358100
|